000 00715nam a2200193Ii 4500
003 JO-AjNU
008 230605s9999||||xx |||||||||||||| ||und||
040 _aJO-AjNU
_bara
_erda
_cJO-AjNU
041 _aara
050 1 4 _aKMM166.3.A29.2011
100 3 _aالزعبي، تيسير أحمد,
_eauthor
_949998
245 0 0 _aموسوعة الأردن القانونية: قانون أصول المحاكمات المدنية
264 3 1 _aعمان: تيسير احمد المومني، 2011
300 _a118ص
336 _atext
_btxt
_2rdacontent
337 _aunmediated
_bn
_2rdamedia
338 _avolume
_bnc
_2rdacarrier
650 4 _aحقوق مدنية -- قوانين وأنظمة -- الأردن
_949999
999 _aA21996
_c25564
_d25564